| 000 | 00640nam a2200217 a 4500 | ||
|---|---|---|---|
| 001 | 000018823 | ||
| 005 | 20200929165849.0 | ||
| 008 | 100519s1986 ve a r 000 p spa d | ||
| 020 | _a9806081218 | ||
| 040 |
_aDO-SdBNP _bspa _cBNPHU |
||
| 082 |
_aV861.44 _bL973l |
||
| 100 | 1 |
_aLoyo Ordaz, Enrique Rafael _940579 |
|
| 245 | 1 | 0 |
_aLujuria de viaje / _cEnrique Rafael Loyo Ordaz. |
| 260 |
_aFalcón, Venezuela : _bAteneo de Coro, _c1986. |
||
| 300 |
_as. p. : _bil. ; _c21 cm. |
||
| 490 | 1 | _aSerie Poesía | |
| 650 | 4 |
_aPoesía venezolana _94230 |
|
| 650 | 4 |
_aLiteratura venezolana _93816 |
|
| 830 | 0 |
_aSerie Poesía _940580 |
|
| 049 | _aBNGR | ||
| 999 |
_c18343 _d18343 |
||